000 00635nam a2200253Ia 4500
005 20260306145438.0
008 008 260114s9999 xx 000 0 eng d
020 _a9781438484457
037 _aEbook
040 _aCRL
040 _beng
040 _cCRL
041 _2eng
041 _aeng
084 _qCRL
100 _aDale W. Tomich;Paul E. Lovejoy
_91123736
245 0 _aAtlantic and Africa, The: The Second Slavery and Beyond
260 _bSuny Press
260 _c2021
650 _aSocial Sciences
856 _uhttps://www.degruyter.com/isbn/9781438484457
942 _cEBOOK
999 _c1688570
_d1688570